000 00500nam a2200181Ia 4500
001 10465
005 20260306161834.0
008 260306t2024||||xx |||||||||||||| ||spa||
041 _aESP
082 _a930.1
_bD18
100 _aDalen Luna, Pieter D. van,
_eAUT
245 0 _aIntroducción al estudio analítico de términos y definiciones de la arquitectura arqueológica
260 _c2024
300 _a202 páginas :
_c21 cm.
650 _aGEN
654 _aCHU
942 _cLIB
_dJUS
_fJUS
_2ddc
_n
999 _c10465
_d10465